| 000 | 00778nam a2200265 a 4500 | ||
|---|---|---|---|
| 005 | 20210219153100.0 | ||
| 008 | 991125n 000 0 u | ||
| 035 | _aUPN01000076908 | ||
| 100 | _aSchommer, Marlene | ||
| 222 | _aJOURNAL OF EDUCATIONAL PSYCHOLOGY | ||
| 245 | _aEpistemological beliefs and mathematical text comprehension : believing it is simple does not make it so | ||
| 300 | _a435-443 | ||
| 362 | _a84, No. 4, 1992 | ||
| 505 | _aMayo 1993 | ||
| 653 | 0 | _aACTITUDES DEL ESTUDIANTE | |
| 653 | 0 | _aCOMPRENSION LECTORA | |
| 653 | 0 | _aCREENCIAS | |
| 653 | 0 | _aDESTREZAS MATEMATICAS | |
| 653 | 0 | _aEPISTEMOLOGIA | |
| 653 | 0 | _aESTUDIANTES EN EL COLEGIO | |
| 700 | _aCrouse, Amy | ||
| 700 | _aRhodes, Nancy | ||
| 904 |
_aAC _b014719 |
||
| 905 | _aArticulo | ||
| 999 |
_c67980 _d67980 |
||